<?xml version="1.0" encoding="UTF-8"?>
<marc:record xmlns:marc="http://www.loc.gov/MARC21/slim">
   <marc:leader>00000nam a2200000 a 4500</marc:leader>
   <marc:datafield ind1="1" ind2=" " tag="100">
      <marc:subfield code="a">Sulz, Josef</marc:subfield>
      <marc:subfield code="4">edt</marc:subfield>
      <marc:subfield code="e">Bearbeiter/-in</marc:subfield>
   </marc:datafield>
   <marc:datafield ind1=" " ind2=" " tag="653">
      <marc:subfield code="a">Musikerziehung</marc:subfield>
   </marc:datafield>
   <marc:datafield ind1=" " ind2=" " tag="653">
      <marc:subfield code="a">Musiklehre</marc:subfield>
   </marc:datafield>
   <marc:datafield ind1=" " ind2=" " tag="653">
      <marc:subfield code="a">Konferenzschrift</marc:subfield>
   </marc:datafield>
   <marc:datafield ind1=" " ind2=" " tag="653">
      <marc:subfield code="a">Kongress</marc:subfield>
   </marc:datafield>
   <marc:datafield ind1="0" ind2="0" tag="245">
      <marc:subfield code="a">Musikpädagogik nachgefragt</marc:subfield>
   </marc:datafield>
   <marc:datafield ind1="0" ind2="0" tag="245">
      <marc:subfield code="b">Ideologie und Identität in Europa ; Festschrift anlässlich der 25. Tagung der Internationalen Arbeitsgemeinschaft Musikpädagogik in den südlichen Ländern Europas ("ArGe Süd") in Bozen/Südtirol vom 28. bis 31. August 2003</marc:subfield>
   </marc:datafield>
   <marc:datafield ind1="0" ind2="0" tag="245">
      <marc:subfield code="c">Josef Sulz (Hrsg.)</marc:subfield>
   </marc:datafield>
   <marc:datafield ind1=" " ind2="1" tag="264">
      <marc:subfield code="a">Anif/Salzburg</marc:subfield>
      <marc:subfield code="b">Mueller-Speiser</marc:subfield>
      <marc:subfield code="c">2005</marc:subfield>
   </marc:datafield>
   <marc:datafield ind1="1" ind2=" " tag="490">
      <marc:subfield code="a">Innsbrucker Hochschulschriften : Serie A, Musikpädagogik</marc:subfield>
      <marc:subfield code="v">Bd. 4</marc:subfield>
   </marc:datafield>
   <marc:datafield ind1="1" ind2=" " tag="520">
      <marc:subfield code="a">Angaben aus der Verlagsmeldung

Musikpädagogik nachgefragt: Ideologie und Identität in Europa : Festschrift anlässlich der 25. Tagung der Internationalen Arbeitsgemeinschaft MUSIKPÄDAGOGIK in den südlichen Ländern Europas (ArGe Sued) in Bozen /Südtirol 2003

Am 15. Weltkongress der ISME (International Society for Music Education) wurde beschlossen, die "ArGe Süd" zu gruenden, eine freie Internationale Arbeitsgemeinschaft Musikpaedagogik fuer die suedlichen Laender Europas. Das Buch ist eine Zusammenfassung der 25. Tagung.
Musikpaedagogik und Idelogie und Kulturelle Identität und Musikpaedagogik in Europa:
Beitraege von Josef Sulz, Dieter Zimmerschied, Franz Niermann, Pavel Tojko, Walter Baer, Armin Langer, Franz Hennevogel, wolfram Huschke, Edouard Garo, Karl Heinrich Ehrenforth, Ludwig Striegel, Gerhard Wanker, Nikolaus Holzapfel.
Es folgen Laenderberichte aus:
Slowakei, Serbien, Montenegro, Rheinland Pfalz, Luxemburg, Schweiz, Italien, Suedtitol, Kroatien, und der Europäischen Union.
</marc:subfield>
   </marc:datafield>
   <marc:datafield ind1=" " ind2=" " tag="020">
      <marc:subfield code="a">9783851450965</marc:subfield>
      <marc:subfield code="9">9783851450965</marc:subfield>
   </marc:datafield>
   <marc:datafield ind1=" " ind2=" " tag="020">
      <marc:subfield code="a">3851450965</marc:subfield>
      <marc:subfield code="9">3851450965</marc:subfield>
   </marc:datafield>
   <marc:datafield ind1=" " ind2=" " tag="041">
      <marc:subfield code="a">ger</marc:subfield>
   </marc:datafield>
   <marc:datafield ind1=" " ind2=" " tag="300">
      <marc:subfield code="a">IV, 256 S.</marc:subfield>
   </marc:datafield>
</marc:record>
